LEADER 01198nam0 22002773i 450 001 VAN00091662 005 20240806100651.868 010 $a88-324-3936-0 100 $a20121023d1991 |0itac50 ba 101 $aita 102 $aIT 105 $a|||| ||||| 200 1 $aOrganizzazione e tecnica di analisi delle procedure aziendali$el'incremento della produttivitą aziendale attraverso l'analisi delle procedure di lavoro$fMassimo Bianchi 210 $aMilano$cPirola$d1991 215 $aXI, 355 p.$d24 cm. 410 1$1001VAN00091663$12001 $aGestione e organizzazione aziendale$1210 $aMilano$cPirola.$v21 606 $aAziende$xOrganizzazione$3VANC006145$2FI 620 $dMilano$3VANL000284 700 1$aBianchi$bMassimo$3VANV074063$0172546 712 $aPirola $3VANV107884$4650 801 $aIT$bSOL$c20240906$gRICA 899 $aBIBLIOTECA DEL DIPARTIMENTO DI ECONOMIA$1IT-CE0106$2VAN03 912 $aVAN00091662 950 $aBIBLIOTECA DEL DIPARTIMENTO DI ECONOMIA$d03PREST IIAi72 $e03 30448 20121023 996 $aOrganizzazione e tecnica di analisi delle procedure aziendali$91409515 997 $aUNICAMPANIA